01081nac a22002891u 4500010001600000020001500016035002100031082001500052090001500067100003400082245012500116250001200241260004500253300003400298500002700332504006400359511002800423650003500451650004000486650004000526650003400566700001800600700003000618942001700648999001500665952011100680 a 95022017 a0205183891 a(DLC) 9502201700a071.3bEME c9423d9423 aEmery, Michael C. 14aThe press and America :ban interpretive history of the mass media /cMichael Emery, Edwin Emery, with Nancy L. Roberts. a8th ed. aBoston :bAllyn and Bacon,c1996.cc1996. axii, 724 p. :bill. ;c25 cm. aDistributer: Al-Ahram. aIncludes bibliographical references (p. 643-712) and index. aCatalogued By: Mahitab. 0aPresszUnited StatesxHistory. 0aJournalismzUnited StatesxHistory. 0aMass mediazUnited StatesxHistory. 0aAmerican newspapersxHistory.1 aEmery, Edwin.1 aRoberts, Nancy L.,d1954- cBBk071.3EME c9423d9423 00104070aMAINbMAINcLOWd2011-05-08ePurchasel0o071.3EMEp000011440r2025-07-15 00:00:00v187.80yBB